00934nam a2200157 a 4500008004100000020001500041041000800056100001800064245002700082250001100109260003800120300001100158500006800169505052400237655001500761180918s1992 sp ||||g||||| 00| 0|spa d a8401491363 aspa1 aAsimov, Isaac aAzazel /cIsaac Asimov a5a ed. aBarcelona:bPlaza & Janes;c1992. a249 p. aAsimov, I. (1992). Azazel. (5a ed.). Barcelona : Plaza & Janes. aIsaac Asimov dedica aquí su pluma y su imaginación sin límites a la fantasía, y nos ofrece dieciocho fascinantes relatos que, sin duda, deleitarán a todos los aficionados al género, así como a los innumerables admiradores de este autor. Azazel es un demonio de dos centímetros, dotado con una impetuosa personalidad y maravillosos poderes mágicos. El único problema es que este singular ser posee poca comprensión de las cuestiones humanas y sus intervenciones producen situaciones sorprendentes.  aLiteratura